Football : Clubs Français ayant un stade de plus de 20 000 places - Statistiques

Statistiques générales
  • Ce quiz a été pris 244 fois
  • Le résultat moyen est 19 sur 24
Statistiques - réponses
Nombre de places Club % Correct
59 186 Lyon
100%
67 394 Marseille
100%
47 929 Paris SG
100%
50 187 Lille
99%
36 178 Nice
96%
42 115 Bordeaux
95%
38 223 Lens
94%
29 778 Rennes
94%
41 965 Saint-Étienne
94%
20 000 Strasbourg
92%
35 318 Nantes
91%
33 150 Toulouse
91%
22 000 Montpellier
85%
28 786 Metz
78%
20 519 Reims
78%
25 181 Le Havre
76%
21 000 Caen
69%
20 087 Nancy
60%
20 068 Grenoble
55%
20 005 Sochaux
55%
25 064 Le Mans
53%
21 877 Troyes
49%
25 172 Valenciennes
44%
23 189 Sedan
28%
Aucun quiz correspondant
Distribution des résultats
% des personnes avec chaque résultat
Percentile par nombre de réponses
Votre historique - résultats
Vous n’avez pas pris ce quiz